000 00273nam a22001217a 4500
008 230621b xxu||||| |||| 00| 0 eng d
082 _a328.06
_bIPU
100 _cIPU
245 _aRepertoire
_bDirectory
260 _bIPU
_c2005
300 _avarious paging
942 _2ddc
_cBK
999 _c2138
_d2138